Bologna players since 2000 - Statistics

General Stats
  • This quiz has been taken 31 times
  • The average score is 90 of 334
Answer Stats
Ranking Player Positions Nationality Matches Goals Assists Periods % Correct
2 Lukasz Skorupski GK 242 0 0 2018-2025
89%
1 Riccardo Orsolini RW 244 65 30 2017-2025
89%
59 Remo Freuler CM 76 2 3 2023-2025
78%
183 Benja Domínguez LW 24 3 2 2024-2025
72%
27 Lorenzo De Silvestri RB 108 9 2 2020-2025
72%
9 Marco Di Vaio ST 143 65 14 2008-2012
72%
29 Nicolás Domínguez CM 105 4 6 2019-2024
72%
102 Santiago Castro ST 51 9 6 2023-2025
72%
33 Jhon Lucumí CB 101 1 3 2022-2025
67%
98 Joshua Zirkzee ST 53 13 7 2022-2024
67%
52 Lewis Ferguson CM 84 14 5 2022-2025
67%
16 Musa Barrow LW 122 26 26 2019-2023
67%
12 Rodrigo Palacio ST 127 19 17 2017-2021
67%
117 Thijs Dallinga ST 39 4 3 2024-2025
67%
77 Charalampos Lykogiannis LB 65 4 6 2022-2025
61%
38 Gary Medel CB 96 0 3 2019-2023
61%
97 Marko Arnautovic ST 54 24 2 2021-2023
61%
39 Michel Aebischer CM 95 1 2 2021-2025
61%
57 Nikola Moro DM 78 2 7 2022-2025
61%
65 Sam Beukema CB 73 1 3 2023-2025
61%
55 Stefan Posch CB 81 7 4 2022-2025
61%
186 Federico Ravaglia GK 23 0 0 2020-2021, 2023-2025
56%
108 Jens Odgaard AM 44 8 4 2023-2025
56%
125 Juan Miranda LB 36 0 6 2024-2025
56%
107 Vasilios Torosidis RB 44 1 1 2016-2018
56%
105 Aaron Hickey RB 47 5 1 2020-2022
50%
70 Dan Ndoye RW 70 9 6 2023-2025
50%
25 Diego Pérez DM 108 0 10 2010-2015
50%
3 Gianluca Pagliuca GK 216 0 0 2000-2006
50%
208 Gianluca Sansone ST 19 5 1 2014-2015
50%
31 Jerdy Schouten DM 103 2 5 2019-2023
50%
328 Mattia Pagliuca ST 1 0 0 2020-2021
50%
20 Nicola Sansone LW 119 14 19 2018-2023
50%
85 Takehiro Tomiyasu RB 61 3 3 2019-2022
50%
53 Alessandro Diamanti AM 83 19 21 2011-2014
44%
28 Andrea Poli CM 108 9 1 2017-2021
44%
149 Arthur Theate CB 31 2 1 2021-2022
44%
80 Daniele Gastaldello CB 64 1 3 2014-2017
44%
35 Danilo CB 100 3 1 2018-2021
44%
180 Emil Holm RB 25 1 1 2024-2025
44%
34 Erick Pulgar DM 100 10 2 2015-2019
44%
193 Giovanni Bia CB, DF 21 3 0 2000-2001
44%
79 Giovanni Fabbian AM 64 8 3 2023-2025
44%
51 Giuseppe Signori ST 84 37 21 2000-2004
44%
30 Mattia Destro ST 105 29 8 2015-2020
44%
21 Mattias Svanberg CM 118 9 8 2018-2022
44%
247 Nehuén Paz CB 11 1 1 2018-2021
44%
205 Nicolò Casale CB 19 0 1 2024-2025
44%
155 Riccardo Calafiori LB 30 2 5 2023-2024
44%
8 Roberto Soriano AM 145 17 22 2018-2023
44%
226 Samuel Iling-Junior LB, LW 15 2 0 2024-2025
44%
82 Simone Verdi AM 62 16 15 2016-2018
44%
69 Adama Soumaoro CB 71 1 0 2020-2023
39%
15 Adam Masina CB 124 4 6 2014-2018
39%
132 Amadou Diawara DM 34 0 1 2015-2016
39%
71 Andreas Skov Olsen RW 70 3 5 2019-2022
39%
73 Cesare Natali CB 68 1 2 2003-2004, 2012-2014
39%
56 Cristian Zaccardo CB 79 2 2 2001-2004
39%
246 Davide Calabria RB 11 0 1 2024-2025
39%
223 Diego Laxalt LB 15 2 0 2013-2014
39%
277 Diego Rodríguez LB 7 0 1 2008-2009
39%
66 Emiliano Viviano GK 72 0 0 2009-2011
39%
114 Emil Krafth RB 42 0 0 2015-2018
39%
314 Federico Rodríguez ST 1 0 0 2013-2014
39%
75 Federico Santander ST 67 10 3 2018-2022
39%
217 Hidetoshi Nakata AM 17 2 3 2003-2004
39%
17 Ibrahima Mbaye RB 121 5 5 2014-2022
39%
129 Kacper Urbanski CM 35 1 1 2020-2021, 2023-2025
39%
116 Lazaros Christodoulopoulos RW 39 3 3 2012-2014
39%
204 Marco Motta RB 19 1 0 2012-2013
39%
64 Mitchell Dijks LB 74 1 2 2018-2022
39%
200 Oussama El Azzouzi DM 20 2 2 2023-2025
39%
41 Panagiotis Kone CM 90 12 3 2011-2014
39%
44 Robert Acquafresca ST 89 8 3 2011-2016
39%
167 Rolando Bianchi ST 28 3 1 2013-2014
39%
24 Saphir Taïder CM 110 6 3 2011-2012, 2015-2018
39%
185 Sergio Floccari ST 23 2 1 2015-2017
39%
176 Tommaso Pobega CM 26 3 3 2024-2025
39%
100 Ádám Nagy DM 51 1 1 2016-2019
33%
127 Alberto Gilardino ST 36 13 4 2012-2013
33%
189 Albin Ekdal DM 22 1 1 2010-2011
33%
63 Alessandro Gamberini CB 74 0 1 2000-2001, 2003-2005
33%
154 Alexis Saelemaekers RW 30 4 3 2023-2024
33%
113 Angelo da Costa GK 43 0 0 2014-2017, 2019-2021
33%
47 Antonio Mirante GK 87 0 0 2015-2018
33%
46 Blerim Dzemaili CM 88 11 6 2016-2020
33%
19 Francesco Antonioli GK 119 0 0 2006-2009
33%
13 Gaby Mudingayi DM 125 2 1 2008-2012
33%
239 Georgios Kyriakopoulos LB 12 0 2 2022-2023
33%
130 Giancarlo González CB 34 0 1 2017-2019
33%
32 György Garics RB 102 2 6 2010-2015
33%
159 Jean-François Gillet GK 29 0 2 2011-2012
33%
45 Julio Cruz ST 88 27 8 2000-2003
33%
119 Karim Laribi CM 38 8 11 2014-2015
33%
124 Kevin Bonifazi CB 36 0 0 2021-2024
33%
177 Marcel Büchel DM 26 3 2 2014-2015
33%
18 Massimo Marazzina ST 119 45 1 2005-2010
33%
94 Matteo Brighi CM 55 0 3 2001-2002, 2015-2016
33%
121 Michele Pazienza DM 37 1 2 2012-2014
33%
72 Miguel Britos CB 70 4 1 2008-2011
33%
211 Nicolò Cambiaghi LW 18 1 4 2024-2025
33%
141 Pierre Womé LB 32 2 2 2000-2002
33%
90 Rene Krhin DM 59 1 0 2010-2014
33%
144 Sebastien De Maio CB 32 2 0 2017-2019
33%
148 Stefano Denswil CB 31 0 1 2019-2021
33%
143 Victor Kristiansen LB 32 0 4 2023-2024
33%
111 Andrea Costa CB 43 0 0 2005-2008
28%
83 Andrea Raggi CB 62 1 0 2009-2010, 2011-2012
28%
126 Anthony Mounier LW 36 4 2 2015-2017
28%
11 Archimede Morleo LB 130 1 3 2010-2017
28%
203 Arturo Calabresi CB, RB 19 1 0 2018-2019, 2020-2021
28%
6 Carlo Nervo RM 182 11 9 2000-2007
28%
5 Claudio Bellucci ST 184 65 13 2001-2007
28%
103 Cristian Zenoni RB 49 0 2 2008-2010
28%
120 Daniele Cacia ST 38 11 4 2014-2015
28%
26 Daniele Portanova CB 108 7 3 2009-2013
28%
190 Davide Di Gennaro AM 22 2 0 2007-2008
28%
175 Davide Moscardelli ST 26 2 2 2012-2014
28%
170 Emanuele Giaccherini LM 28 7 0 2015-2016
28%
138 Federico Agliardi GK 32 0 0 2011-2013
28%
104 Federico Di Francesco LW 48 5 6 2016-2018
28%
213 Federico Viviani DM 17 2 2 2016-2017
28%
88 Filip Helander CB 60 1 0 2016-2019
28%
292 Francesco Bardi GK 3 0 0 2021-2023
28%
112 Francesco Della Rocca CM 43 0 2 2007-2008, 2010-2011, 2013-2014
28%
158 Franco Brienza AM 29 3 4 2015-2016
28%
115 Frederik Sørensen CB 42 2 1 2011-2014
28%
99 Gianluca Curci GK 51 0 0 2012-2014
28%
74 Godfred Donsah DM 67 4 6 2015-2019
28%
89 Henry Giménez ST 60 6 3 2009-2013
28%
93 Igli Tare ST 55 11 5 2003-2005
28%
266 Ishak Belfodil ST 8 0 0 2011-2012
28%
228 Jesper Karlsson LW 14 1 0 2023-2025
28%
84 Luigi Della Rocca ST 62 9 0 2000-2002, 2004-2007
28%
151 Manolo Gabbiadini ST 30 6 2 2012-2013
28%
329 Max Tonetto LB 1 0 0 2000-2001
28%
157 Michele Paramatti LB 30 1 0 2002-2003
28%
68 Mourad Meghni AM 72 7 1 2002-2004, 2006-2007
28%
240 Musa Juwara RW 12 1 0 2019-2021
28%
48 Renato Olive CM 87 5 2 2000-2002, 2006-2007
28%
237 Sydney van Hooijdonk ST 13 0 0 2021-2022, 2023-2024
28%
287 Valentin Antov CB 5 0 0 2020-2021
28%
36 Vangelis Moras CB 98 4 1 2007-2011
28%
49 Adaílton CF 86 20 7 2007-2010
22%
139 Alex Ferrari CB 32 0 0 2014-2017
22%
248 Andrea Esposito CB 11 0 0 2010-2011
22%
194 Andrea Mantovani CB 21 0 0 2013-2014
22%
195 Bruno Petkovic ST 21 0 1 2016-2018
22%
263 Camilo Zúñiga LM 9 0 1 2015-2016
22%
235 Coelho RB 13 0 0 2008-2009
22%
327 Cristiano Lupatelli GK 1 0 0 2010-2011
22%
196 Daniele Paponi ST 21 2 0 2010-2014
22%
179 Daniel Osvaldo ST 25 3 1 2008-2010
22%
87 Davide Bombardini LM 61 3 1 2007-2010
22%
229 Denso Kasius RB 14 0 2 2021-2023
22%
191 Diego Falcinelli ST 21 0 1 2018-2019, 2021-2022
22%
42 Domenico Maietta CB 90 1 1 2014-2018
22%
37 Federico Casarini CM 97 1 6 2008-2011, 2014-2015
22%
214 Federico Mattiello RB 17 1 1 2018-2019
22%
265 Filippo Falco RW 9 0 0 2015-2016
22%
67 Francesco Valiani CM 72 7 5 2007-2010
22%
91 Gastón Ramírez CM 58 12 8 2010-2012
22%
267 Giacomo Tedesco CM 8 0 1 2009-2010
22%
254 Ivan Radovanovic DM 10 0 0 2010-2011
22%
258 Joaquín Sosa CB 10 0 0 2022-2023
22%
216 José Crespo CB 17 1 0 2011-2012, 2013-2014
22%
54 Ladislav Krejci LM 81 2 12 2016-2020
22%
161 Luca Ceccarelli RB 29 1 2 2014-2015
22%
255 Luca Ferrari CM 10 0 0 2005-2006, 2007-2008
22%
128 Luca Rizzo CM 35 0 3 2015-2017
22%
164 Luca Rossettini CB 29 3 1 2015-2016
22%
225 Luis Binks CB 15 0 0 2021-2022
22%
215 Luis Oliveira ST 17 1 1 2000-2001
22%
236 Lyanco CB 13 1 0 2018-2019
22%
7 Marcello Castellini CB 170 0 0 2000-2002, 2006-2009
22%
280 Marco Ferrante ST 6 0 1 2004-2005
22%
243 Marek Cech LB 11 0 1 2013-2014
22%
76 Marios Ikonomou CB 66 4 1 2014-2017
22%
137 Massimo Mutarelli CM 33 1 2 2008-2011
22%
182 Matteo Mancosu ST 24 1 0 2014-2016
22%
171 Mattia Bani CB 27 4 0 2019-2020
22%
307 Nicola Bagnolini GK 2 0 0 2021-2022, 2023-2024
22%
264 Nicola Legrottaglie CB 9 0 0 2004-2005
22%
10 Nicola Mingazzini CM 137 8 6 2005-2010
22%
58 Nicolò Cherubin CB 77 3 2 2010-2014
22%
150 Nico Pulzetti CM 31 0 2 2011-2013
22%
173 Orji Okwonkwo RW 27 3 1 2016-2019
22%
134 Roberto Guana CM 34 1 0 2009-2010
22%
95 Salvatore Lanna LB 55 0 2 2008-2010
22%
206 Samuele Dalla Bona CM 19 3 0 2003-2004
22%
178 Sergio Volpi CM 25 4 4 2008-2009
22%
261 Simone Loria CB 9 1 0 2011-2012
22%
86 Stefano Torrisi CB 61 1 0 2004-2007
22%
169 Thomas Manfredini CB 28 0 0 2006-2007
22%
199 Tomas Danilevičius ST 20 2 0 2006-2008
22%
23 Tomas Locatelli AM 111 17 15 2000-2005
22%
259 Tommaso Corazza LB 10 0 0 2023-2025
22%
142 Andrea Cambiaso LB 32 0 3 2022-2023
17%
300 Andrea Pisanu RM 2 0 1 2009-2010
17%
106 Andrea Sussi LB 44 1 1 2003-2005
17%
224 Andri Fannar Baldursson CM 15 0 0 2019-2021
17%
310 Antonio Santurro GK 1 0 0 2017-2018
17%
281 César LM 6 0 0 2008-2009
17%
232 César Falletti AM 13 1 0 2017-2018
17%
293 Cheick Keita LB 3 0 0 2017-2018
17%
4 Christian Amoroso CM 197 6 11 2002-2009
17%
101 Ciro Capuano LB 51 0 1 2004-2006
17%
14 Claudio Terzi CB 125 3 0 2002-2003, 2005-2009
17%
174 Daniel Bessa CM 26 1 1 2014-2015
17%
50 Daniele Daino RB 84 2 0 2004-2008
17%
210 Davide Marchini RM 18 0 2 2008-2009
17%
250 Dejan Stojanovic GK 10 0 0 2012-2015
17%
330 Denis Alibec ST 1 0 0 2013-2014
17%
324 Dion Ruffo Luci CM 1 0 0 2019-2020
17%
122 Emanuele Filippini CM 37 2 0 2006-2007
17%
251 Emanuele Troise CB 10 0 0 2003-2004
17%
81 Emanuel Vignato RW 63 1 6 2020-2023
17%
145 Emiliano Moretti CB 32 0 0 2003-2004
17%
184 Enzo Maresca CM 23 0 4 2000-2001
17%
334 Estanis Pedrola LW 1 0 0 2024-2025
17%
40 Fabio Pecchia RM 92 12 2 2001-2002, 2003-2004, 2005-2006
17%
218 Fabio Petruzzi CB 17 2 0 2004-2005
17%
231 Fausto Rossini ST 13 1 1 2003-2004
17%
188 Federico Giunti DM 23 2 2 2004-2005
17%
244 Felipe Avenatti ST 11 0 0 2017-2018
17%
156 Ferdinando Coppola GK 30 0 0 2014-2015
17%
163 Francisco Lima CM 29 0 5 2000-2001
17%
165 Franco Zuculini CM 29 3 6 2014-2016
17%
295 Gabriele Corbo CB 3 0 0 2018-2020
17%
304 Gabriele Paonessa AM 2 0 0 2005-2006
17%
257 Gennaro Troianiello RW 10 0 2 2014-2015
17%
78 Giacomo Cipriani ST 65 9 0 2000-2001, 2002-2003, 2004-2008
17%
209 Giovanni Piacentini DM 18 1 0 2000-2001
17%
60 Giulio Falcone CB 76 0 0 2000-2003
17%
333 Igor Kolyvanov LW 1 0 0 2000-2001
17%
153 Jonatan Binotto RW 30 1 1 2000-2001, 2004-2005
17%
168 Jonathan Cristaldo ST 28 4 2 2013-2014
17%
322 Juan Valencia CM 1 0 0 2018-2019
17%
110 Juarez RB 43 0 0 2003-2005
17%
294 Kingsley Michael CM 3 0 0 2019-2020, 2021-2022
17%
62 Lamberto Zauli AM 76 12 5 2001-2002, 2005-2007
17%
22 Leonardo Colucci CM 112 1 6 2002-2006
17%
230 Lorenzo Crisetig DM 13 0 0 2015-2016, 2017-2018
17%
270 Luca Giannone RW 8 0 0 2014-2015
17%
242 Luca Vigiani RM 11 0 0 2009-2010
17%
166 Luigi Lavecchia RM 28 0 0 2007-2009
17%
162 Marcelo Zalayeta ST 29 4 2 2009-2010
17%
234 Marco Bernacci ST 13 1 1 2008-2009
17%
313 Marco Crimi CM 1 0 0 2015-2016
17%
187 Marco Zanchi CB 23 0 1 2002-2004
17%
262 Martin Erlić CB 9 0 1 2024-2025
17%
312 Martí Riverola CM 1 0 0 2012-2013
17%
140 Massimo Tarantino LB 32 0 5 2000-2002
17%
192 Mathías Abero LB 21 1 1 2012-2013, 2014-2015
17%
118 Matteo Rubin LB 39 1 2 2010-2012
17%
133 Matuzalém DM 34 0 0 2014-2015
17%
43 Mikael Antonsson CB 89 0 0 2011-2014
17%
284 Naldo CB 5 0 0 2012-2013
17%
238 Nenad Krsticic CM 13 0 1 2014-2015
17%
319 Niccolò Galli DF 1 0 0 2000-2001
17%
276 Niklas Pyyhtiä CM 7 0 1 2021-2023
17%
222 Pasquale Padalino CB 15 0 1 2000-2001
17%
268 Rafa Páez CB 8 0 0 2014-2015
17%
160 Riccardo Meggiorini ST 29 1 3 2010-2011
17%
331 Riccardo Stivanello CB 1 0 0 2021-2022
17%
269 Roberto Colombo GK 8 0 0 2006-2007, 2008-2010
17%
181 Salvatore Fresi CB 25 8 0 2001-2002
17%
288 Simone Edera RW 4 0 0 2018-2019
17%
271 Simone Romagnoli CB 8 0 0 2017-2018
17%
305 Stephen Appiah DM 2 0 0 2009-2010
17%
146 Theodoros Zagorakis CM 32 0 3 2004-2005
17%
198 Tiberio Guarente CM 20 2 0 2012-2013
17%
272 Umar Sadiq ST 7 0 1 2016-2017
17%
131 Valentin Năstase CB 34 0 0 2004-2006
17%
320 Aaron Mattia Tabacchi RW 1 0 0 2015-2016
11%
309 Alessandro Bassoli CB 1 0 0 2009-2010
11%
317 Alessandro Dal Canto LB 1 0 0 2000-2001
11%
207 Alessandro Frara DM 19 0 0 2002-2003
11%
212 Andrés Guglielminpietro LM 18 2 0 2003-2004
11%
172 Angelo Antonazzo RB 27 0 0 2005-2006
11%
136 Antonio Buscè RM 33 2 3 2009-2011
11%
291 Antonio Raimondo ST 4 0 0 2020-2023
11%
311 Claiton CB 1 0 0 2000-2001
11%
201 Cristian Bucchi ST 19 5 0 2007-2008
11%
227 Cristian Pasquato CF 15 2 1 2012-2013
11%
298 Daniele Vantaggiato ST 2 0 0 2011-2012
11%
109 Davide Carrus DM 43 1 1 2007-2009
11%
326 Davide Colomba LM 1 0 0 2007-2008
11%
252 Davide Succi ST 10 0 0 2009-2010
11%
245 David Giubilato CB 11 0 0 2007-2008
11%
152 Dino Fava ST 30 2 1 2007-2008
11%
332 Ebenezer Annan LB 1 0 0 2021-2022
11%
321 Edoardo Vergani ST 1 0 0 2020-2021
11%
61 Emanuele Brioschi CB 76 5 1 2000-2001, 2006-2007
11%
299 Emanuele Manitta GK 2 0 0 2005-2006
11%
275 Emiliano Salvetti AM 7 0 0 2002-2003
11%
202 Enrico Fantini ST 19 2 0 2006-2007
11%
274 Erik Friberg DM 7 0 0 2013-2014
11%
286 Fabio Firmani CM 5 0 0 2001-2002
11%
256 Fabio Macellari LB 10 0 1 2001-2002
11%
147 Fabio Vignaroli ST 31 2 0 2005-2006
11%
323 Federico Bonini CB 1 0 0 2019-2020
11%
233 Francesco Modesto LB 13 0 2 2009-2010
11%
308 Francesco Quintavalla RB 1 0 0 2000-2001
11%
301 Gennaro Fragiello ST 2 0 0 2003-2005
11%
296 Gianmarco Cangiano LW 3 0 0 2019-2020
11%
253 Ibson CM 10 0 0 2013-2014
11%
249 Ivan Pedrelli RB 11 0 0 2005-2006
11%
273 Kévin Constant LB 7 0 0 2015-2016
11%
123 Luca Mezzano CB 36 1 0 2005-2007
11%
241 Luca Siligardi RW 12 0 0 2010-2011
11%
318 Luca Tedeschi CB 1 0 0 2004-2005
11%
282 Manuel Belleri RB 6 0 0 2008-2009
11%
297 Marco Negri ST 2 0 0 2001-2002
11%
92 Massimo Loviso DM 57 2 0 2003-2006
11%
283 Nicolas Viola AM 6 0 0 2021-2022
11%
316 Nicolò Scalini DM 1 0 0 2014-2015
11%
325 Omar Khailoti CB 1 0 0 2020-2021
11%
315 Paolo Faragò CM 1 0 0 2020-2021
11%
197 Paolo Vanoli LB 21 2 0 2002-2003
11%
260 Pasquale D'Aniello DF 9 0 0 2005-2006
11%
221 Piermario Morosini CM 16 0 0 2006-2007
11%
303 Rafael Santos CB 2 0 0 2009-2010
11%
135 Riccardo Bonetto LB 33 0 0 2007-2008
11%
219 Riccardo Improta LW 16 1 1 2014-2015
11%
279 Riccardo Pasi AM 6 0 0 2014-2015
11%
290 Roberto Goretti DM 4 0 0 2000-2003
11%
278 Roger Carvalho CB 6 0 0 2012-2013
11%
285 Rubén Bentancourt ST 5 0 0 2014-2015
11%
302 Savio Nsereko RW 2 0 0 2009-2010
11%
220 Simone Confalone CM 16 1 0 2007-2009
11%
289 Simone Rabbi ST 4 0 1 2020-2021
11%
96 Vlado Smit LB 55 2 1 2002-2003, 2005-2007
11%
306 Wisdom Amey CB 2 0 0 2020-2022
11%
No matching quizzes found
Score Distribution
Percent of People with Each Score
Percentile by Number Answered
Your Score History
You have not taken this quiz